Cuestiones de polt̕ica criminal en los tiempos actuales

Detalles Bibliográficos
Formato: eBook
Lenguaje:español
Publicado: [Chile] : Editorial jurd̕ica de Chile, 2009
Edición:1® ed.
Colección:Estudios Jurd̕icos
Materias:
Acceso en línea:Acceso restringido

MARC

LEADER 00000nam a22000007a 4500
005 20111019143523.0
008 111019s2009 cl |||||s|||| 00||0 spa d
020 |a 956-10-1957-4 
035 |a 5954 
040 |a vLex 
090 |c 2674  |d 2674 
245 0 0 |a Cuestiones de polt̕ica criminal en los tiempos actuales  |h [Recurso electrn̤ico] /  |c Ral︢ Carnevali Rodrg̕uez 
250 |a 1® ed. 
256 |a Servicio en ln̕ea. 
260 |a [Chile] :  |b Editorial jurd̕ica de Chile,  |c 2009 
300 |a 1 recurso electrn̤ico 
490 0 |a Estudios Jurd̕icos 
500 |a Este libro contiene un conjunto de investigaciones que abordan los grandes desafo̕s que hoy enfrenta la sociedad y que exigen una urgente respuesta polt̕ico criminal. Examina los problemas de orden social que surgen en un mundo globalizado, donde el fortalecimiento de una macro criminalidad de carc̀ter transnacional, exige la adopcin̤ de decisiones penales relevantes, que deben tener un carc̀ter internacional. De interš actual para el derecho penal y la criminologa̕. 
506 1 |a Contenido solo disponible en los productos indicados  |d vLex Global  |d vLex Global (Academic Edition, excluding Law Schools)  |d vLex Global (U.S. Academic Edition, Law Schools)  |d vLex Global (U.S. Academic Edition, excluding Law Schools)  |d vLex Global (Academic Edition, Law Schools) 
650 0 4 |a Criminologa̕  |z Chile 
740 0 |a vLex Libros (Servicio en ln̕ea) 
856 4 0 |u http://vlex.com/source/cuestiones-politica-criminal-tiempos-actuales-5954  |z Acceso restringido 
942 |c BOOK